000 00468nam a2200157 i 4500
001 52523
003 ES-MaACL
005 20230906162610.0
007 t|
008 030901s1931 xxk ||||1| eng d
100 1 _aDavies, Williem Even.
_942926
245 1 4 _aThe english law relating to aliens /
_cby Williem Even Davies.
260 _aLondon :
_bStevens & Sons,
_c1931 (
_fThe Lastern Press)
300 _aXI, 308 p. ;
_c22 cm.
852 _aES-MaACL
_jC-4292
_bR.24416
999 _c52523
_d52523